Zwierzęta na zdjęciu #2 - Statystyki

Ogólne statystyki
  • Ten quiz został rozwiązany 185 razy
  • Średni wynik to 7 z 8
Statystyki odpowiedzi
Obrazkowy Odpowiedź % Poprawnych
Nosorożec biały
98%
Lew afrykański
96%
Goryl górski
95%
Lis rudy
95%
Gepard grzywiasty
93%
Ryś euroazjatycki
90%
Pies labrador
70%
Pies corgi
63%
Nie znaleziono quizów pasujących do podanych kryteriów
Rozkład punktacji
Procent ludzi z każdym wynikiem
Percentyl według liczby udzielonych odpowiedzi
Twoja historia wyników
Nie rozwiązałeś tego quizu